000 00502nam a22001817a 4500
005 20210423062800.0
008 210219b1990 ||||| |||| 00| 0 eng d
040 _cDLC
041 _aeng
080 _a811.111
_bB-91
100 _9983
_aBryson, bill
245 _aThe mother tongue: English &how it got that way
260 _aNew York
_bWilliam morrov and company
_c1990
300 _a270 P.:
650 0 _9480
_aEnglish Language
653 _aინგლისური ენა
942 _2ddc
_cBK
999 _c1553
_d1553